[Event "8. Ciudad los Ángeles 2014"]
[Site "Madrid ESP"]
[Date "2014.04.06"]
[Round "3.15"]
[White "Yeves Miquel, Enrique"]
[Black "Cano Nieto, Jose Luis"]
[Result "1-0"]
[WhiteElo "1742"]
[BlackElo "1597"]
[PlyCount "127"]
[EventDate "2014.03.23"]
[EventType "swiss"]
[EventRounds "9"]
[EventCountry "ESP"]
[Source "lmi"]
[SourceDate "2014.03.23"]

1. d4 d5 2. c4 dxc4 3. e3 Nf6 4. Bxc4 e6 5. Nf3 Be7 6. O-O O-O 7. a3 c6 8. Nc3
b5 9. Be2 Ba6 10. Qc2 b4 11. axb4 Bxe2 12. Nxe2 Bxb4 13. Ne5 Qb6 14. Nd3 Bd6
15. Bd2 Qd8 16. Ba5 Bc7 17. Bxc7 Qxc7 18. Rfc1 Nd5 19. Qa4 Qb6 20. Nc3 Nxc3 21.
Rxc3 Qb5 22. Qc2 Qf5 23. Ne5 Qxc2 24. Rxc2 Rc8 25. Rac1 f6 26. Nxc6 Nxc6 27.
Rxc6 Rxc6 28. Rxc6 Rb8 29. Rc2 a5 30. h4 a4 31. Kh2 Kf7 32. Kg3 h6 33. Rc4 Rxb2
34. Rxa4 Rd2 35. Ra7+ Kg6 36. h5+ Kh7 37. Re7 e5 38. dxe5 fxe5 39. Rxe5 Ra2 40.
f4 Ra7 41. f5 Kg8 42. Kf3 Kf7 43. Re6 Ra5 44. g4 Rb5 45. e4 Rb1 46. Kf4 Rb4 47.
g5 hxg5+ 48. Kxg5 Rb1 49. h6 Rg1+ 50. Kf4 Rh1 51. hxg7 Kxg7 52. Rg6+ Kf7 53.
Rg3 Ra1 54. e5 Ra4+ 55. Kg5 Ra8 56. Rb3 Rg8+ 57. Kf4 Rg1 58. Rb7+ Ke8 59. e6
Rf1+ 60. Ke5 Re1+ 61. Kf6 Kd8 62. e7+ Ke8 63. Rb8+ Kd7 64. Rd8+ 1-0

[Event "8. Ciudad los Ángeles 2014"]
[Site "Madrid ESP"]
[Date "2014.04.06"]
[Round "3.16"]
[White "Savchuk, Olga"]
[Black "Vazquez Moreno, Luis"]
[Result "0-1"]
[WhiteElo "1579"]
[BlackElo "1737"]
[PlyCount "94"]
[EventDate "2014.03.23"]
[EventType "swiss"]
[EventRounds "9"]
[EventCountry "ESP"]
[Source "lmi"]
[SourceDate "2014.03.23"]

1. e4 c5 2. Nf3 Nc6 3. d4 cxd4 4. Nxd4 g6 5. c4 Bg7 6. Be3 Nf6 7. Nc3 Ng4 8.
Nxc6 Nxe3 9. Nxd8 Nxd1 10. Nxd1 Kxd8 11. Be2 b6 12. O-O Bb7 13. f3 Rc8 14. Rc1
b5 15. b3 bxc4 16. Rxc4 Rxc4 17. Bxc4 e6 18. Nf2 f5 19. Rd1 Ke7 20. Bd3 Rc8 21.
Bb5 Bc6 22. Rc1 Bd4 23. Bxc6 dxc6 24. Kf1 a5 25. Nd3 c5 26. Rc4 e5 27. a3 fxe4
28. fxe4 Kd6 29. b4 axb4 30. axb4 Rf8+ 31. Ke2 cxb4 32. Rxb4 Rc8 33. Rb7 Rc2+
34. Kf3 Rd2 35. Rb3 h5 36. h3 g5 37. Ra3 Kc7 38. Rb3 Kc6 39. Kg3 Re2 40. Nb4+
Kc5 41. Kf3 Rf2+ 42. Kg3 h4+ 43. Kh2 Rf1 44. Nd3+ Kc4 45. Ra3 Bg1+ 46. Kh1 Bf2+
47. Kh2 Bg3# 0-1

[Event "8. Ciudad los Ángeles 2014"]
[Site "Madrid ESP"]
[Date "2014.04.06"]
[Round "3.17"]
[White "Perez Bruni, Alfredo"]
[Black "Escanciano Reyero, Daniel"]
[Result "0-1"]
[WhiteElo "1721"]
[BlackElo "1575"]
[PlyCount "72"]
[EventDate "2014.03.23"]
[EventType "swiss"]
[EventRounds "9"]
[EventCountry "ESP"]
[Source "lmi"]
[SourceDate "2014.03.23"]

1. e4 d6 2. d4 Nf6 3. g3 Nbd7 4. Bg2 e5 5. Ne2 Be7 6. c3 h6 7. O-O c6 8. Kh1
Qc7 9. Na3 b5 10. Nc2 Bb7 11. f4 Rd8 12. Ne3 Nb6 13. Nf5 O-O 14. Ng1 Rfe8 15.
fxe5 dxe5 16. Bxh6 Bf8 17. Bg5 Nbd7 18. Qe2 Re6 19. Rad1 exd4 20. Nxd4 Ree8 21.
Bf4 Qb6 22. Nf5 Nxe4 23. Bxe4 c5 24. Qh5 Bxe4+ 25. Nf3 Nf6 26. Rxd8 Nxh5 27.
Rxe8 Nxf4 28. Ne7+ Kh7 29. gxf4 Qb7 30. Kg1 Bxe7 31. Ng5+ Bxg5 32. fxg5 Qd5 33.
h4 Qd3 34. Rf2 Qg3+ 35. Kf1 Bd3+ 36. Ke1 Qg1+ 0-1

[Event "8. Ciudad los Ángeles 2014"]
[Site "Madrid ESP"]
[Date "2014.04.06"]
[Round "3.18"]
[White "Bellod Thomas, Gonzalo"]
[Black "Cortijo Manso, Luis"]
[Result "1-0"]
[WhiteElo "1696"]
[BlackElo "1561"]
[PlyCount "49"]
[EventDate "2014.03.23"]
[EventType "swiss"]
[EventRounds "9"]
[EventCountry "ESP"]
[Source "lmi"]
[SourceDate "2014.03.23"]

1. d4 d5 2. Nf3 Nf6 3. c4 c6 4. Nc3 dxc4 5. a4 Bf5 6. e3 e6 7. Bxc4 Bb4 8. O-O
O-O 9. Qe2 Nbd7 10. e4 Bg6 11. Bd3 c5 12. Rd1 cxd4 13. Nxd4 Ne5 14. Bc2 Qe7 15.
Bg5 h6 16. Bh4 Rfc8 17. Bg3 Nc6 18. Ndb5 Ne8 19. e5 Bxc2 20. Qxc2 a6 21. Nd6
Rc7 22. Qe2 Rd7 23. Nce4 Rad8 24. Qd3 Nxe5 25. Bxe5 1-0

[Event "8. Ciudad los Ángeles 2014"]
[Site "Madrid ESP"]
[Date "2014.04.06"]
[Round "3.19"]
[White "Benitez Cadenas, Luis Miguel"]
[Black "Garcia Chica, Eva Maria"]
[Result "1-0"]
[WhiteElo "1695"]
[BlackElo "1476"]
[PlyCount "45"]
[EventDate "2014.03.23"]
[EventType "swiss"]
[EventRounds "9"]
[EventCountry "ESP"]
[Source "lmi"]
[SourceDate "2014.03.23"]

1. Nf3 g6 2. d4 Bg7 3. c4 c6 4. e4 d5 5. e5 Bg4 6. Nc3 dxc4 7. Bxc4 f6 8. Bxg8
Rxg8 9. Qb3 Rf8 10. Qxb7 Nd7 11. e6 Bxe6 12. Qxc6 Bg4 13. Nd2 Qc8 14. Qa4 Qb7
15. O-O Kd8 16. Re1 e5 17. dxe5 Nxe5 18. Re4 Re8 19. f4 Qb6+ 20. Rd4+ Nd7 21.
Nd5 Qe6 22. Qa5+ Kc8 23. Qc7# 1-0

[Event "8. Ciudad los Ángeles 2014"]
[Site "Madrid ESP"]
[Date "2014.04.06"]
[Round "3.20"]
[White "Salgado Duarte, Pablo"]
[Black "Head Ladeveze, Jorge"]
[Result "1-0"]
[WhiteElo "1556"]
[BlackElo "1655"]
[PlyCount "45"]
[EventDate "2014.03.23"]
[EventType "swiss"]
[EventRounds "9"]
[EventCountry "ESP"]
[Source "lmi"]
[SourceDate "2014.03.23"]

1. e4 c5 2. Nf3 e6 3. Nc3 Nc6 4. Bb5 a6 5. Bxc6 bxc6 6. d3 d5 7. O-O d4 8. Ne2
Nf6 9. Ne5 Qc7 10. Nc4 e5 11. f4 Bd6 12. fxe5 Bxe5 13. Nxe5 Qxe5 14. Bf4 Qe7
15. Bg5 Qe5 16. Bf4 Qe7 17. Ng3 O-O 18. Bg5 h6 19. Bxf6 gxf6 20. Qf3 Qe5 21.
Qxf6 Qxf6 22. Rxf6 Kg7 23. Rxc6 1-0

[Event "8. Ciudad los Ángeles 2014"]
[Site "Madrid ESP"]
[Date "2014.04.06"]
[Round "3.21"]
[White "Martin Rodriguez, Jose Luis"]
[Black "Ballesteros Jimenez, Miguel A"]
[Result "0-1"]
[WhiteElo "1407"]
[BlackElo "1609"]
[PlyCount "66"]
[EventDate "2014.03.23"]
[EventType "swiss"]
[EventRounds "9"]
[EventCountry "ESP"]
[Source "lmi"]
[SourceDate "2014.03.23"]

1. e4 d5 2. exd5 Qxd5 3. Nc3 Qd6 4. d4 Nf6 5. Nf3 a6 6. Bc4 b5 7. Bb3 Bb7 8.
Be3 e6 9. Qd2 Nbd7 10. O-O-O Be7 11. Bf4 Qb6 12. Ne5 O-O 13. f3 Rfd8 14. Qe2 b4
15. Nb1 Nd5 16. Bxd5 Bxd5 17. b3 a5 18. c4 bxc3 19. Nxc3 Nf6 20. Nxd5 Nxd5 21.
Nc4 Nxf4 22. Qe5 Qb4 23. Qxf4 a4 24. Qd2 Qb5 25. Qb2 Bf6 26. Ne5 Rd5 27. f4
Rad8 28. Rd2 c5 29. Rhd1 cxd4 30. Rxd4 Qc5+ 31. Qc2 Qxc2+ 32. Kxc2 Rxd4 33. Nc6
Rxd1 0-1

[Event "8. Ciudad los Ángeles 2014"]
[Site "Madrid ESP"]
[Date "2014.04.06"]
[Round "3.22"]
[White "Lopez Ziegler, Juan Jose"]
[Black "Del Val Moreno, Jose A"]
[Result "1-0"]
[WhiteElo "1512"]
[BlackElo "1568"]
[PlyCount "59"]
[EventDate "2014.03.23"]
[EventType "swiss"]
[EventRounds "9"]
[EventCountry "ESP"]
[Source "lmi"]
[SourceDate "2014.03.23"]

1. d4 Nf6 2. Nf3 e6 3. Bf4 d5 4. e3 Bd6 5. Ne5 c5 6. Nd2 Qb6 7. Nec4 dxc4 8.
Nxc4 Qd8 9. Nxd6+ Kf8 10. dxc5 Qa5+ 11. c3 Nc6 12. b4 Nxb4 13. cxb4 Qxb4+ 14.
Qd2 Qxd2+ 15. Kxd2 a6 16. Rb1 Rb8 17. Bxa6 Ra8 18. Bc4 Ke7 19. f3 Rd8 20. Ke2
Nd5 21. Bxd5 exd5 22. Rhd1 Rxa2+ 23. Rd2 Ra5 24. Nxc8+ Rxc8 25. Bd6+ Ke6 26.
Rxb7 Rc6 27. Re7+ Kf6 28. Rxd5 Ra2+ 29. Rd2 Ra5 30. g4 1-0

[Event "8. Ciudad los Ã�ngeles 2014"]
[Site "Madrid ESP"]
[Date "2014.04.13"]
[Round "4.1"]
[White "Cabanas Bravo, Juan Andres"]
[Black "Gil Sierra, Jacinto"]
[Result "1-0"]
[WhiteElo "2057"]
[BlackElo "2037"]
[PlyCount "35"]
[EventDate "2014.03.23"]
[EventType "swiss"]
[EventRounds "9"]
[EventCountry "ESP"]
[Source "lmi"]
[SourceDate "2014.03.23"]

1. Nf3 d5 2. e4 dxe4 3. Ng5 Nf6 4. Nc3 Nc6 5. Ngxe4 Nxe4 6. Nxe4 e5 7. Bc4 Bf5
8. Ng3 Bg6 9. d3 Bc5 10. Be3 Qe7 11. Qf3 O-O 12. O-O-O Rad8 13. h4 h6 14. Qg4
Bxe3+ 15. fxe3 Qc5 16. Qxg6 Qxe3+ 17. Kb1 Rd6 18. Qxg7+ 1-0

[Event "8. Ciudad los Ã�ngeles 2014"]
[Site "Madrid ESP"]
[Date "2014.04.13"]
[Round "4.2"]
[White "Avendano Mateos, Jose"]
[Black "Brull Cortes, Boris"]
[Result "1/2-1/2"]
[WhiteElo "2042"]
[BlackElo "2025"]
[PlyCount "150"]
[EventDate "2014.03.23"]
[EventType "swiss"]
[EventRounds "9"]
[EventCountry "ESP"]
[Source "lmi"]
[SourceDate "2014.03.23"]

1. d4 Nf6 2. Nf3 g6 3. Bg5 Bg7 4. Nbd2 O-O 5. e3 d5 6. Bd3 c5 7. c3 Qb6 8. Rb1
Nc6 9. O-O Re8 10. a3 e5 11. dxe5 Nxe5 12. Nxe5 Rxe5 13. Bf4 Re8 14. h3 Bd7 15.
c4 Be6 16. cxd5 Nxd5 17. Nc4 Qd8 18. Bg3 Qe7 19. Bd6 Qg5 20. f4 Qh4 21. Bxc5
Rec8 22. Bd6 Rxc4 23. Bxc4 Nxe3 24. Qe1 Qxe1 25. Rfxe1 Nxc4 26. Be5 Nxe5 27.
fxe5 Rc8 28. Re2 Kf8 29. Kf2 Ke7 30. Rd1 Rc5 31. Rde1 h5 32. b4 Rc3 33. Re3
Rxe3 34. Rxe3 Bd5 35. g4 hxg4 36. hxg4 Ke6 37. Rc3 Bxe5 38. Rc8 Bc6 39. Rd8 Kf6
40. Rd1 Kg5 41. b5 Bxb5 42. Rd5 Bc6 43. Rxe5+ Kxg4 44. a4 f5 45. a5 a6 46. Re6
g5 47. Rd6 Kf4 48. Re6 g4 49. Rg6 Bf3 50. Rg7 Ke5 51. Re7+ Kd6 52. Rf7 Ke6 53.
Rf8 Ke5 54. Kg3 Be4 55. Rf7 Kd6 56. Rf6+ Kc5 57. Rb6 Bc6 58. Kf4 Kc4 59. Kg3
Kc3 60. Kf4 Be4 61. Kg3 Kd2 62. Rd6+ Ke3 63. Rf6 Kd4 64. Kf4 Kd3 65. Kg3 Ke3
66. Rf7 Kd3 67. Rf6 Ke2 68. Rf7 Ke3 69. Rf6 Bf3 70. Rxf5 Kd4 71. Rf6 Bc6 72.
Kxg4 Kc4 73. Kf4 Kb4 74. Rf5 Bb5 75. Rf7 Bc6 1/2-1/2

[Event "8. Ciudad los Ã�ngeles 2014"]
[Site "Madrid ESP"]
[Date "2014.04.13"]
[Round "4.3"]
[White "Rodriguez Dorado, Victor"]
[Black "Lobato Rivero, Carlos"]
[Result "0-1"]
[WhiteElo "1989"]
[BlackElo "1999"]
[PlyCount "92"]
[EventDate "2014.03.23"]
[EventType "swiss"]
[EventRounds "9"]
[EventCountry "ESP"]
[Source "lmi"]
[SourceDate "2014.03.23"]

1. e4 g6 2. d4 Bg7 3. Nc3 d6 4. f4 Nf6 5. Nf3 O-O 6. Bd3 c5 7. dxc5 dxc5 8. Be3
Qa5 9. h3 c4 10. Bxc4 Nxe4 11. O-O Nxc3 12. bxc3 Qxc3 13. Qe2 Nc6 14. Rab1 b6
15. Rb3 Qf6 16. Bd5 Rb8 17. Rd1 Be6 18. f5 Bxd5 19. Rxd5 Qa1+ 20. Kh2 Qxa2 21.
fxg6 hxg6 22. h4 Rbd8 23. Rg5 Bf6 24. h5 Bxg5 25. Bxg5 Qa1 26. hxg6 Qd1 27.
gxf7+ Rxf7 28. Qc4 Qd5 29. Qg4 Ne5 30. Nxe5 Qxe5+ 31. Rg3 Rg7 32. Kh3 Rd5 33.
Qc8+ Kh7 34. Bh4 Rxg3+ 35. Bxg3 Qf5+ 36. Qxf5+ Rxf5 37. Bb8 a5 38. Bc7 a4 39.
Bxb6 a3 40. Bd4 a2 41. Kg4 Rf1 42. c4 a1=Q 43. Bxa1 Rxa1 44. Kf5 Rc1 45. Ke6
Rxc4 46. Kxe7 Rg4 0-1

[Event "8. Ciudad los Ã�ngeles 2014"]
[Site "Madrid ESP"]
[Date "2014.04.13"]
[Round "4.4"]
[White "Fernandez Sanchez, Lorenzo"]
[Black "Fernandez Moreno, Gerardo"]
[Result "1-0"]
[WhiteElo "1793"]
[BlackElo "1782"]
[PlyCount "89"]
[EventDate "2014.03.23"]
[EventType "swiss"]
[EventRounds "9"]
[EventCountry "ESP"]
[Source "lmi"]
[SourceDate "2014.03.23"]

1. e4 c6 2. d4 d5 3. e5 Bf5 4. g4 Bg6 5. h4 h6 6. h5 Bh7 7. e6 fxe6 8. Bd3 Bxd3
9. Qxd3 Kd7 10. Nc3 Nf6 11. f3 Na6 12. a3 Qc7 13. Nge2 e5 14. Qf5+ e6 15. Qxe5
Bd6 16. Qe3 Rae8 17. Bd2 Rhf8 18. O-O-O Kc8 19. Kb1 Qf7 20. Rhf1 Nh7 21. f4 Kb8
22. b4 Nc7 23. Nc1 Nf6 24. Qe2 Nd7 25. Nd3 Nb6 26. Ne5 Bxe5 27. fxe5 Qe7 28.
Ka2 Nc4 29. Bc1 Nb5 30. Nxb5 cxb5 31. Rxf8 Rxf8 32. Rf1 Rxf1 33. Qxf1 Qe8 34.
Qf3 g5 35. hxg6 Qxg6 36. Qf8+ Kc7 37. Qc5+ Kb8 38. Kb3 Qxg4 39. Qf8+ Kc7 40.
Qc5+ Kb8 41. Qxb5 Qf3+ 42. Ka2 Qf5 43. Qe8+ Kc7 44. Qe7+ Kb8 45. Qd8# 1-0

[Event "8. Ciudad los Ã�ngeles 2014"]
[Site "Madrid ESP"]
[Date "2014.04.13"]
[Round "4.6"]
[White "Vazquez Moreno, Luis"]
[Black "Ruiz Sanchez, Roberto"]
[Result "1-0"]
[WhiteElo "1737"]
[BlackElo "1935"]
[PlyCount "55"]
[EventDate "2014.03.23"]
[EventType "swiss"]
[EventRounds "9"]
[EventCountry "ESP"]
[Source "lmi"]
[SourceDate "2014.03.23"]

1. c4 c6 2. e4 d5 3. exd5 cxd5 4. cxd5 Nf6 5. Nc3 Nxd5 6. Nf3 e6 7. d4 Be7 8.
Bc4 O-O 9. O-O Nc6 10. a3 a6 11. Re1 b5 12. Ba2 Bb7 13. Qc2 Rc8 14. Bb1 g6 15.
Bh6 Re8 16. Qd2 Na5 17. Ba2 Nxc3 18. bxc3 Bxf3 19. gxf3 Nc4 20. Qe2 Bd6 21. f4
Nxa3 22. Bg5 Qc7 23. Qg4 Nc2 24. Rxe6 Nxa1 25. f5 Bf8 26. fxg6 Rxe6 27. gxf7+
Kxf7 28. Qxe6+ 1-0

[Event "8. Ciudad los Ã�ngeles 2014"]
[Site "Madrid ESP"]
[Date "2014.04.13"]
[Round "4.7"]
[White "Canseco Arenas, Alfonso"]
[Black "Marcos Herrero, Francisco"]
[Result "0-1"]
[WhiteElo "1737"]
[BlackElo "1930"]
[PlyCount "64"]
[EventDate "2014.03.23"]
[EventType "swiss"]
[EventRounds "9"]
[EventCountry "ESP"]
[Source "lmi"]
[SourceDate "2014.03.23"]

1. e4 c5 2. Nf3 g6 3. d4 cxd4 4. Nxd4 Bg7 5. Nc3 Nc6 6. Be3 Nf6 7. Qd2 Ng4 8.
O-O-O Nxe3 9. fxe3 Ne5 10. h3 d6 11. Kb1 Bd7 12. Be2 Qa5 13. Nb3 Qd8 14. g4 Rc8
15. Nd4 a6 16. g5 h5 17. Nd5 b5 18. b3 Rc5 19. h4 O-O 20. Rhf1 Bg4 21. Rf2 Qd7
22. Qa5 Bxe2 23. Rxe2 Qb7 24. Rf1 e6 25. Nf6+ Bxf6 26. gxf6 b4 27. Qa4 Rfc8 28.
a3 a5 29. axb4 axb4 30. Qa2 Ra8 31. Qb2 Qxe4 32. Kc1 Nd3+ 0-1

[Event "8. Ciudad los Ã�ngeles 2014"]
[Site "Madrid ESP"]
[Date "2014.04.13"]
[Round "4.8"]
[White "Bellod Thomas, Gonzalo"]
[Black "Crespo Villalba, Israel"]
[Result "0-1"]
[WhiteElo "1696"]
[BlackElo "1895"]
[PlyCount "84"]
[EventDate "2014.03.23"]
[EventType "swiss"]
[EventRounds "9"]
[EventCountry "ESP"]
[Source "lmi"]
[SourceDate "2014.03.23"]

1. d4 Nf6 2. Nf3 g6 3. c4 Bg7 4. g3 O-O 5. Bg2 d6 6. Nc3 Na6 7. O-O c5 8. d5
Nc7 9. Qc2 Rb8 10. e4 e6 11. e5 dxe5 12. dxe6 Bxe6 13. Nxe5 Bf5 14. Qb3 Ne6 15.
Be3 Nd4 16. Bxd4 cxd4 17. Na4 Qc7 18. Nd3 b6 19. Rfe1 Rfe8 20. Rad1 Ne4 21. Nf4
Nc5 22. Rxe8+ Rxe8 23. Nxc5 Qxc5 24. Nd3 Qe7 25. h4 Qd6 26. Qb5 Re2 27. Bf1 Re7
28. Qb4 Qxb4 29. Nxb4 Bg4 30. Rd3 Re1 31. Kg2 Bf5 32. Rd2 Rc1 33. b3 a5 34. Nd3
Rc3 35. Kg1 Bh6 36. f4 Bf8 37. Kh2 Bd6 38. Kg1 h5 39. Kh2 Kf8 40. Kg1 f6 41.
Kh2 Ba3 42. Ne5 fxe5 0-1

[Event "8. Ciudad los Ã�ngeles 2014"]
[Site "Madrid ESP"]
[Date "2014.04.13"]
[Round "4.9"]
[White "Garces Adan, Jose A"]
[Black "Benitez Cadenas, Luis Miguel"]
[Result "1-0"]
[WhiteElo "1777"]
[BlackElo "1695"]
[PlyCount "47"]
[EventDate "2014.03.23"]
[EventType "swiss"]
[EventRounds "9"]
[EventCountry "ESP"]
[Source "lmi"]
[SourceDate "2014.03.23"]

1. e4 e6 2. d4 d5 3. exd5 exd5 4. c4 Bb4+ 5. Nc3 Qe7+ 6. Be3 Nf6 7. a3 Bxc3+ 8.
bxc3 O-O 9. Be2 dxc4 10. Nf3 Be6 11. O-O Nbd7 12. Bg5 h6 13. Bh4 g5 14. Bg3 c6
15. Re1 Qd8 16. Qc2 Qa5 17. h4 Qf5 18. Qc1 Ne4 19. hxg5 Nxc3 20. Bxc4 Nb6 21.
gxh6 Ne4 22. Bd3 Rfe8 23. Qf4 Nxg3 24. Qg5+ 1-0

[Event "8. Ciudad los Ã�ngeles 2014"]
[Site "Madrid ESP"]
[Date "2014.04.13"]
[Round "4.10"]
[White "Escanciano Reyero, Daniel"]
[Black "Fernandez Bonilla, M. Arcangel"]
[Result "1-0"]
[WhiteElo "1575"]
[BlackElo "1758"]
[PlyCount "39"]
[EventDate "2014.03.23"]
[EventType "swiss"]
[EventRounds "9"]
[EventCountry "ESP"]
[Source "lmi"]
[SourceDate "2014.03.23"]

1. e4 c5 2. Nc3 Nc6 3. f4 g6 4. Nf3 Bg7 5. Bb5 e6 6. Bxc6 bxc6 7. O-O Ne7 8. d3
O-O 9. Qe1 d6 10. Qh4 f5 11. e5 Nd5 12. Qe1 Nxc3 13. bxc3 d5 14. Be3 Qa5 15.
Qf2 Qxc3 16. Bxc5 Rf7 17. Rab1 Rb7 18. Rxb7 Bxb7 19. Rb1 Bc8 20. Bb4 1-0

[Event "8. Ciudad los Ã�ngeles 2014"]
[Site "Madrid ESP"]
[Date "2014.04.13"]
[Round "4.11"]
[White "Huerto Moreno, Jorge"]
[Black "Yeves Miquel, Enrique"]
[Result "0-1"]
[WhiteElo "1534"]
[BlackElo "1742"]
[PlyCount "68"]
[EventDate "2014.03.23"]
[EventType "swiss"]
[EventRounds "9"]
[EventCountry "ESP"]
[Source "lmi"]
[SourceDate "2014.03.23"]

1. e4 c5 2. Nf3 e6 3. c4 Nc6 4. d4 cxd4 5. Nxd4 Nf6 6. Nc3 Bb4 7. Bg5 Qa5 8.
Rc1 Qxg5 9. Nf3 Qf4 10. Bd3 Ne5 11. Nxe5 Qxe5 12. O-O Bxc3 13. Rxc3 b6 14. f4
Qh5 15. Be2 Qc5+ 16. Kh1 Nxe4 17. Rcf3 Bb7 18. Qd3 f5 19. Rd1 Rd8 20. Rdf1 h5
21. h3 h4 22. Kh2 Ng3 23. Rxg3 hxg3+ 24. Qxg3 Qe7 25. Bd3 Qf6 26. Re1 Kf7 27.
Qf2 Qh4 28. Qf1 Rh6 29. g3 Qf6 30. Qf2 Rdh8 31. h4 Rxh4+ 32. gxh4 Rxh4+ 33. Kg3
Rg4+ 34. Kh2 Qh6+ 0-1

[Event "8. Ciudad los Ã�ngeles 2014"]
[Site "Madrid ESP"]
[Date "2014.04.13"]
[Round "4.12"]
[White "Fernandez Rodriguez, Fernando"]
[Black "Salgado Duarte, Pablo"]
[Result "1-0"]
[WhiteElo "1782"]
[BlackElo "1556"]
[PlyCount "53"]
[EventDate "2014.03.23"]
[EventType "swiss"]
[EventRounds "9"]
[EventCountry "ESP"]
[Source "lmi"]
[SourceDate "2014.03.23"]

1. d4 d5 2. c4 e6 3. Nc3 Nf6 4. cxd5 Nxd5 5. e4 Nf6 6. Bg5 Be7 7. Nf3 O-O 8.
Qc2 Re8 9. O-O-O b6 10. d5 exd5 11. e5 Nfd7 12. Bxe7 Rxe7 13. Nxd5 Re6 14. Nc3
Bb7 15. Qf5 Qe7 16. Bc4 Bxf3 17. Qxf3 Rc6 18. Bd5 Nxe5 19. Qe3 Rxc3+ 20. Qxc3
c6 21. Bb3 Qg5+ 22. Kb1 Nbd7 23. Qg3 Qf6 24. f4 Re8 25. fxe5 Nxe5 26. Rhf1 Qe7
27. Rde1 1-0

[Event "8. Ciudad los Ã�ngeles 2014"]
[Site "Madrid ESP"]
[Date "2014.04.13"]
[Round "4.13"]
[White "Gines Sanchez, Javier"]
[Black "Lopez Ziegler, Carlos"]
[Result "0-1"]
[WhiteElo "1613"]
[BlackElo "1944"]
[PlyCount "44"]
[EventDate "2014.03.23"]
[EventType "swiss"]
[EventRounds "9"]
[EventCountry "ESP"]
[Source "lmi"]
[SourceDate "2014.03.23"]

1. e4 c5 2. Nc3 e6 3. Bc4 a6 4. a3 Nc6 5. d3 Nf6 6. Bg5 b5 7. Ba2 h6 8. Bh4 Be7
9. Bg3 d5 10. e5 Nd7 11. f4 Nb6 12. Nge2 b4 13. axb4 cxb4 14. Nb1 a5 15. d4 Ba6
16. Bf2 Rc8 17. Bb3 Bb5 18. c3 O-O 19. Bc2 Nc4 20. b3 Nb2 21. Qd2 bxc3 22.
Nexc3 Nb4 0-1

[Event "8. Ciudad los Ã�ngeles 2014"]
[Site "Madrid ESP"]
[Date "2014.04.13"]
[Round "4.14"]
[White "Pindado Campos, Raul"]
[Black "Pindado Del Carmen, Eliseo"]
[Result "1-0"]
[WhiteElo "1901"]
[BlackElo "1604"]
[PlyCount "121"]
[EventDate "2014.03.23"]
[EventType "swiss"]
[EventRounds "9"]
[EventCountry "ESP"]
[Source "lmi"]
[SourceDate "2014.03.23"]

1. e4 c5 2. c3 e6 3. d4 d5 4. e5 Nc6 5. Nf3 Qb6 6. Be2 Bd7 7. O-O cxd4 8. cxd4
Nge7 9. Nc3 Nf5 10. Be3 a6 11. Qd2 Qa7 12. a3 Rc8 13. Rad1 Na5 14. Bd3 Ne7 15.
Qe2 Nc4 16. Ng5 h6 17. Nh7 Qb6 18. Nxf8 Kxf8 19. Bxc4 Rxc4 20. f4 g6 21. Ne4
Nf5 22. Nc5 Bb5 23. Qd2 Nxe3 24. Qxe3 Qc7 25. Rf2 b6 26. b3 bxc5 27. bxc4 cxd4
28. Qxd4 Bxc4 29. Rb1 Kg7 30. Rfb2 Qa5 31. Rb7 Qxa3 32. Rxf7+ Kxf7 33. Qa7+ Qe7
34. Rb7 Re8 35. Rxe7+ Rxe7 36. Qa8 Kg7 37. Qd8 Rf7 38. g3 Bb5 39. Kf2 g5 40.
Kf3 Bd3 41. Ke3 Be4 42. fxg5 hxg5 43. Qxg5+ Kf8 44. h4 Bf5 45. h5 Be4 46. h6
Ke8 47. Kd4 Bh7 48. Qh5 Ke7 49. Qe2 Bf5 50. Qxa6 Rh7 51. g4 Bg6 52. g5 Bf5 53.
Qa1 Kf7 54. Qa8 Kg6 55. Qg8+ Kh5 56. Ke3 Ra7 57. g6 Ra3+ 58. Kd2 Bxg6 59. h7
Bxh7 60. Qxh7+ Kg5 61. Qe7+ 1-0

[Event "8. Ciudad los Ã�ngeles 2014"]
[Site "Madrid ESP"]
[Date "2014.04.13"]
[Round "4.15"]
[White "Vazquez Cabeza, Isaac"]
[Black "Enfedaque Jimenez, Juan Carlos"]
[Result "0-1"]
[WhiteElo "1538"]
[BlackElo "1745"]
[PlyCount "118"]
[EventDate "2014.03.23"]
[EventType "swiss"]
[EventRounds "9"]
[EventCountry "ESP"]
[Source "lmi"]
[SourceDate "2014.03.23"]

1. c4 e5 2. Nc3 Nf6 3. d3 Nc6 4. g3 h6 5. Bg2 Bb4 6. Bd2 O-O 7. a3 Bxc3 8. Bxc3
d6 9. Nf3 Be6 10. O-O Qd7 11. b4 Bh3 12. Re1 Bxg2 13. Kxg2 Nh7 14. Qd2 f5 15.
Qa2 f4 16. c5+ Kh8 17. cxd6 cxd6 18. Nh4 Ne7 19. Qb2 Ng5 20. Nf3 Qh3+ 21. Kg1
fxg3 22. fxg3 Nxf3+ 23. exf3 Rxf3 24. Qe2 Raf8 25. Rf1 Qg4 26. Qe4 Rxf1+ 27.
Rxf1 Rxf1+ 28. Kxf1 Qd1+ 29. Be1 Nc6 30. Qf5 Nd4 31. Qe4 Qf3+ 32. Qxf3 Nxf3 33.
Bf2 a6 34. h4 g5 35. Ke2 g4 36. Bb6 Kg7 37. Bc7 d5 38. Ke3 b5 39. Bb6 Kf6 40.
Ba7 h5 41. Bb6 Kf5 42. Ba7 d4+ 43. Ke2 e4 44. Bb6 Ke5 45. Ba7 Kd5 46. Bc5 exd3+
47. Kxd3 Ne5+ 48. Ke2 Kc4 49. Bb6 Nc6 50. Kd2 Kb3 51. Kd3 Kxa3 52. Bc5 Kb3 53.
Ke4 Nxb4 54. Bxd4 a5 55. Kf5 Nd5 56. Kg5 Nc3 57. Kxh5 a4 58. Bc5 b4 59. Kxg4 a3
0-1

[Event "8. Ciudad los Ã�ngeles 2014"]
[Site "Madrid ESP"]
[Date "2014.04.13"]
[Round "4.16"]
[White "Martin Garcia, Francisco Javie"]
[Black "Lopez Ziegler, Juan Jose"]
[Result "1-0"]
[WhiteElo "1658"]
[BlackElo "1512"]
[PlyCount "75"]
[EventDate "2014.03.23"]
[EventType "swiss"]
[EventRounds "9"]
[EventCountry "ESP"]
[Source "lmi"]
[SourceDate "2014.03.23"]

1. d4 Nf6 2. Nf3 e6 3. c4 Bb4+ 4. Bd2 Qe7 5. e3 Nc6 6. Be2 Bxd2+ 7. Qxd2 Ne4 8.
Qc2 Qb4+ 9. Nbd2 Nxd2 10. Nxd2 Qe7 11. O-O d6 12. f4 O-O 13. g4 e5 14. fxe5 Qg5
15. Qe4 dxe5 16. Nb3 f5 17. Qd5+ Kh8 18. Qf3 Rf6 19. Qg3 fxg4 20. h4 Qh5 21.
Rad1 exd4 22. exd4 Bf5 23. Rd2 Raf8 24. d5 Ne7 25. Nd4 Be4 26. Rxf6 Rxf6 27.
Ne6 Bf3 28. Nf4 Qh6 29. Bxf3 gxf3 30. Rd4 Nf5 31. Qg4 Rf8 32. Re4 Nxh4 33. Re6
g6 34. Re4 Ng2 35. Nxg2 fxg2 36. Kxg2 Qd2+ 37. Re2 Qd3 38. b3 1-0

[Event "8. Ciudad los Ã�ngeles 2014"]
[Site "Madrid ESP"]
[Date "2014.04.13"]
[Round "4.18"]
[White "Head Ladeveze, Jorge"]
[Black "Cabeza Hernandez, Guillermo"]
[Result "1-0"]
[WhiteElo "1655"]
[BlackElo "1543"]
[PlyCount "109"]
[EventDate "2014.03.23"]
[EventType "swiss"]
[EventRounds "9"]
[EventCountry "ESP"]
[Source "lmi"]
[SourceDate "2014.03.23"]

1. d4 g6 2. c4 Bg7 3. Nf3 Nf6 4. Nc3 O-O 5. e4 d6 6. Be2 b6 7. O-O Bb7 8. d5
Nbd7 9. Rb1 Ng4 10. Nd4 Ngf6 11. b4 Re8 12. Bb2 e6 13. Nc6 Bxc6 14. dxc6 Nf8
15. Bf3 e5 16. Nd5 a5 17. b5 Ne6 18. Re1 a4 19. g3 Nxd5 20. cxd5 Ng5 21. Bg2
Qc8 22. Qe2 Rf8 23. Bc1 f6 24. h4 Nf7 25. Kh2 Nh6 26. Bh3 Qe8 27. g4 a3 28. Rb3
f5 29. gxf5 gxf5 30. Bxh6 Bxh6 31. Rg3+ Kh8 32. Kh1 f4 33. Rg4 f3 34. Qf1 Qh5
35. Qg1 Bf4 36. Rd1 Rg8 37. Rd3 Rxg4 38. Qxg4 Qxg4 39. Bxg4 Ra4 40. Bxf3 Rb4
41. Rxa3 Rb2 42. Kg2 Rxb5 43. Ra8+ Kg7 44. Rc8 Rb2 45. Rxc7+ Kg6 46. Rd7 Be3
47. Rxd6+ Kf7 48. Rd7+ Kg6 49. c7 Rxf2+ 50. Kg3 Rc2 51. Bg4 Bf4+ 52. Kf3 Rc3+
53. Ke2 Re3+ 54. Kd1 Rd3+ 55. Kc2 1-0